Phát huy tính tích cực nhận thức của trẻ mẫu giáo 5-6 tuổi trong trò chơi học tập

Spremljeno u:
Bibliografski detalji
Glavni autor: Nguyễn, Thị Hòa
Format: Knjiga
Jezik:Undetermined
Izdano: H. ĐH Sư phạm 2007
Teme:
Online pristup:http://lrc.tdmu.edu.vn/opac/search/detail.asp?aID=2&ID=4314
Oznake: Dodaj oznaku
Bez oznaka, Budi prvi tko označuje ovaj zapis!
Thư viện lưu trữ: Trung tâm Học liệu Trường Đại học Thủ Dầu Một
LEADER 00716nam a2200193Ia 4500
001 TDMU_4314
008 210410s9999 xx 000 0 und d
082 |a 372.21 
090 |b NG527 
100 |a Nguyễn, Thị Hòa 
245 0 |a Phát huy tính tích cực nhận thức của trẻ mẫu giáo 5-6 tuổi trong trò chơi học tập 
245 0 |c Nguyễn Thị Hòa 
260 |a H. 
260 |b ĐH Sư phạm 
260 |c 2007 
300 |a 140tr. 
650 |a Nhận thức  |x Trẻ em; Giáo dục mầm non  |x Nhận thức 
856 |u http://lrc.tdmu.edu.vn/opac/search/detail.asp?aID=2&ID=4314 
980 |a Trung tâm Học liệu Trường Đại học Thủ Dầu Một